Contro Darwin e i suoi seguaci : Nietzsche, Zapatero, Singer, Veronesi Odifreddi... /

সংরক্ষণ করুন:
গ্রন্থ-পঞ্জীর বিবরন
প্রধান লেখক: Agnoli, Francesco (লেখক), Pertosa, Alessandro (লেখক)
বিন্যাস: গ্রন্থ
ভাষা:ইতালিয়
প্রকাশিত: Verona : Fede & cultura, 2006
সংস্করন:2. ed. aggiornata
মালা:Saggistica ; 4
ট্যাগগুলো: ট্যাগ যুক্ত করুন
কোনো ট্যাগ নেই, প্রথমজন হিসাবে ট্যাগ করুন!

MARC

LEADER 00000nam a22000007i 4500
001 IT\ICCU\TO0\1583085
003 ItRI
005 20260115231957.0
008 070222s2006 it |||||| ||||| |||||c
020 |a 8889913215 
040 |b ita  |c importazione bologna sebina 
041 7 |a ita  |2 ISO-639-2 
100 1 |a Agnoli, Francesco  |0 IT\ICCU\TO0V\403790  |4 aut 
245 1 0 |a Contro Darwin e i suoi seguaci :  |b Nietzsche, Zapatero, Singer, Veronesi Odifreddi... /  |c Francesco Agnoli, Alessandro Pertosa. 
250 |a 2. ed. aggiornata 
260 |a Verona :  |b Fede & cultura,  |c 2006 
300 |a 95 p. ;  |c 21 cm. 
700 1 |a Pertosa, Alessandro  |0 IT\ICCU\CFIV\215382  |4 aut 
830 0 |a Saggistica ;  |v 4  |0 IT\ICCU\TO0\1526130 
942 |2 ddc  |c BK  |n 0 
952 |0 0  |1 0  |4 0  |6 DOC_576_010000000000000_AGN  |7 0  |9 18345  |a BO  |b BO  |d 2026-01-15  |i 11234  |l 0  |o DOC 576.01 AGN  |p BO11234  |r 2026-01-15 23:19:57  |w 2026-01-15  |x [Sebina 5] [1 v.]  |y BK  |z 1 v. 
999 |c 15527  |d 15527